000 00992nam a2200277Ia 4500
003 GCL
008 140319s9999 xx 000 0 ara d
040 _aGCL /
_cGCL
082 0 4 _aق
_b327.62073
_bر س
100 1 _aرايت، لينوار تشامبرز
245 1 0 _aسياسة الولايات المتحدة الامريكية ازاء مصر 1914-1830م /
_cرايت، لينوار تشامبرز
260 _a[S.N] :
_bالهيئة المصرية العامة للكتاب ،
_c1987
300 _a286 ص
490 _a
650 0 4 _aمصر
650 0 4 _aالولايات المتحدة الامريكية
650 0 4 _aالسياسة الدولية
650 0 4 _aالعلاقات الخارجية
650 0 4 _aالبترول
650 0 4 _aالتاريخ الدبلوماسى
650 0 4 _aالجيش المصرى
650 0 4 _aقناة السويس
650 0 4 _aالاحتلال البريطانى
650 0 4 _aالتجارة الدولية
942 _2ddc
_cBK
999 _c28909
_d28909